Normal view
MARC view
- Ricks, Thomas E.
Entry Personal Name
001 - CONTROL NUMBER
- control field: 1849
003 - CONTROL NUMBER IDENTIFIER
- control field: NUST
005 - DATE AND TIME OF LATEST TRANSACTION
- control field: 20170601154834.0
008 - FIXED-LENGTH DATA ELEMENTS
- fixed length control field: 170601|| aca||aabn | a|a d
040 ## - CATALOGING SOURCE
- Original cataloging agency: NUST
- Transcribing agency: NUST
100 ## - HEADING--PERSONAL NAME
- Personal name: Ricks, Thomas E.
670 ## - SOURCE DATA FOUND
- Source citation: Work cat.: (NUST)0: Ricks, Thomas E., Fiasco : the American military adventure in Iraq, 2009
